Science Quiz

Random Science Quiz

Cat skeletal system Quiz Stats

Quiz not verified by Sporcle

Also try: Periodic Table
Challenge
Share
Tweet
Score 0/12 Timer 10:00
0 Plays Today
% Correct
Skull
92.3%
Mandible
92.3%
Hyoid
92.3%
Ribs
92.3%
Pelvic girdle
92.3%
Forelimb bones
84.6%
Hindlimb bones
84.6%
Pectoral girdle
76.9%
Sternum
69.2%
Axial skeleton
69.2%
Vertebral column
53.8%
Appendicular skeleton
46.2%

You're not logged in!

Compare scores with friends on all Sporcle quizzes.
Sign Up with Email
OR
Log In

You Might Also Like...

Show Comments

Extras

Top Quizzes Today


Score Distribution

Your Account Isn't Verified!

In order to create a playlist on Sporcle, you need to verify the email address you used during registration. Go to your Sporcle Settings to finish the process.